banner-ar

كرة الهدف للمعاقين بصريا / (Record no. 65272)

MARC details
000 -الفاتح
حقل البيانات ثابتة الطول 00954nam a22002417a 4500
005 - وقت وتاريخ اخر تعامل مع التسجيلة
رقم الضبط 20240530110816.0
008 - عناصر البيانات ثابتة الطول - معلومات عامة
حقل البيانات ثابتة الطول 160207s2012 ua ao f b 000 0 ara d
017 ## - رقم الايداع القانونى
رقم الايداع القانونى 2011/10056
المصدر ( الهيئة المختصة) مصر . دار الكتب المصرية
020 ## - الرقم الدولى المعيارى للكتب
الرقم الدولى المعيارى للكتاب 9771027115
040 ## - مصدر الفهرسة
وكالة الفهرسة الأصلية EG-CaGPL
082 04 - رقم تصنيف ديوى العشرى
رقم الطبعة 21
رقم التصنيف 796.3\
رقم المادة أ ك
100 0# - المدخل الرئيسى - إسم شخصى
الإسم الشخصى احمد ادم الشندويلى .
245 10 - بيان العنوان
العنوان كرة الهدف للمعاقين بصريا /
بيان المسئوليه,etc تاليف احمد ادم الشندويلى ، محمد السيد فرحات .
250 ## - بيان الطبعة
بيان الطبعة ط1.
260 ## - PUBLICATION, DISTRIBUTION, ETC. (IMPRINT)
تاريخ النشر أو التوزيع 2012 .
300 ## - الوصف المادى
التعداد 340 ص :
تفاصيل ماديه اخرى للوعاء صور ؛
أبعاد الوعاء 24 سم .
504 ## - تبصرة ببليوجرافية
تبصرة ببليوجرافية,الخ يشتمل على ارجاعات ببليوجرافية
650 04 - المدخل الاضافى بالموضوع-مصطلح موضوعى
مصطلح موضوعي المكفوفون .
650 04 - المدخل الاضافى بالموضوع-مصطلح موضوعى
مصطلح موضوعي المكفوفون
التقسيم الفرعي العام كرة الهدف .
700 0# - المدخل الاضافى - اسم شخصى
الإسم الشخصى محمد السيد فرحات
الدور مؤلف مشارك .
942 ## - عناصر المدخل الإضافي( كوها)
مصدر التصنيف او مخطط الترفيف Dewey Decimal Classification
Koha [default] item type كتاب
260 ## - PUBLICATION, DISTRIBUTION, ETC. (IMPRINT)
-- القاهرة :
-- دار الفكر العربى ،
Holdings
حالة التراجع حالة الفقد حالة تلف ليس للاعارة المكان المؤقت الموقع الحالى موقع الترفيف تاريخ الاكتساب اجمالي اﻻعارات رقم الطلب الباركود تاريخ اخر مشاهدة تاريخ تفعيل السعر نوع وعاء كوها
        مكتبة القاهرة الكبرى مكتبة القاهرة الكبرى   06/18/2019   796.3\ أ ك 165970 06/18/2019 06/18/2019 كتاب

Powered By

EGPV